Rapp Snitch Knishes Lyrics Quiz - MF DOOM - Statistics

General Stats
  • This quiz has been taken 55 times
  • The average score is 176 of 401
Answer Stats
Lyric % Correct
I
100%
A
95%
a
95%
Rap
95%
rap
95%
snitch
95%
the
95%
snitches,
88%
tell
88%
you
88%
He
85%
he
85%
all
83%
be
83%
see
83%
telling
83%
bus
80%
business
80%
"Do
80%
in
80%
right
80%
star
80%
"Yeah,
80%
Yeah,
80%
yeah,
80%
here"
78%
court
76%
own
76%
their
76%
and
73%
Sit
73%
witness
73%
around,
71%
around
71%
I'm
71%
Fuck
68%
on
68%
get
66%
perpetrator?"
66%
for
63%
lab
63%
label
63%
whole
63%
up
59%
years,
59%
years
59%
to
54%
they
51%
sent
46%
like
39%
Like
39%
knishes
37%
uh
37%
me
34%
Mr.
32%
my
32%
My
32%
nigga,
32%
nigga
32%
shit,
32%
low,
29%
this
29%
with
29%
rule
27%
ass
24%
Fantastik,
24%
Mexican
24%
rules
24%
So
24%
Type
24%
fake
22%
Full"
22%
hoes
22%
it
22%
man
22%
men
22%
of
22%
"Paid
22%
profile
22%
theres
22%
care
20%
elastic
20%
life
20%
long
20%
out
20%
plastic
20%
told
20%
your
20%
'cause
17%
'em
17%
'em,
17%
even
17%
heavy
17%
made
17%
no
17%
Attract
15%
bastard
15%
Everybody
15%
everybody
15%
know
15%
mountain
15%
New
15%
sitting
15%
tin
15%
twin
15%
world
15%
dough
12%
down
12%
fear
12%
flow's
12%
fools
12%
game's
12%
Glocks
12%
hill
12%
one
12%
or
12%
stand
12%
tears
12%
that's
12%
centrifugal
10%
dare
10%
East
10%
gun
10%
stickiest
10%
style,
10%
thickest,
10%
When
10%
when
10%
accordion
7%
brains
7%
cash
7%
delicious,
7%
Guard
7%
Middle
7%
sickest,
7%
still
7%
then
7%
thin
7%
wanna
7%
Admiring
5%
always
5%
beast
5%
bitches
5%
breasted
5%
brown
5%
Can't
5%
clap,
5%
'dro
5%
his
5%
keep
5%
Lame
5%
Manhattan
5%
mask,
5%
Mm,
5%
mouth
5%
old
5%
origin
5%
Pop
5%
slap
5%
Son,
5%
south
5%
Street
5%
tested
5%
trap,
5%
True
5%
True,
5%
was
5%
Where
5%
York's
5%
a-spinning
2%
bubble
2%
but
2%
come
2%
double
2%
doubting
2%
feel
2%
from
2%
him,
2%
jump
2%
little
2%
much
2%
niggas
2%
nosing
2%
plan
2%
Play
2%
Plotting,
2%
quickest,
2%
said
2%
ski
2%
Spitting
2%
through
2%
tour
2%
vest
2%
wheels
2%
23's
0%
According
0%
after
0%
again
0%
ball
0%
beef
0%
bill,
0%
bonafide
0%
Caused
0%
Complication
0%
D's
0%
enemies,
0%
flap
0%
fled
0%
gangsta
0%
grease
0%
grinning
0%
gum
0%
heat
0%
hit
0%
Hitting
0%
Informer,
0%
keeps
0%
linen
0%
many
0%
north,
0%
real
0%
ride
0%
Running
0%
rushed
0%
save
0%
shut
0%
squealers
0%
stamped
0%
steel
0%
testimony
0%
thought
0%
trees,
0%
wire
0%
woulda
0%
No matching quizzes found
Score Distribution
Percent of People with Each Score
Percentile by Number Answered
Your Score History
You have not taken this quiz